Bethany Hamilton - Statistics

General Stats
  • This quiz has been taken 38 times
  • The average score is 9 of 15
Answer Stats
Question Answer % Correct
How old was she when she got attacked? 13
94%
How many kids does she have? 2
94%
Which arm did she lose? Left
94%
What is her book/movie called? Soul Surfer
81%
Goofy or regular foot Goofy
75%
Her brother's name Noah
75%
Who played her in her movie? AnnaSophia Robb
56%
What company has sponsored her since the name of 9? Rip Curl
56%
Her other brother's name Timmy
56%
When did she get married? 2013
44%
Placement in Amazing Race season 25 3rd
31%
Husband's name Adam Dirks
31%
Middle name Meilani
31%
Birthday February 8, 1990
25%
Where was she born? Kauai, Hawaii
13%
No matching quizzes found
Score Distribution
Percent of People with Each Score
Percentile by Number Answered
Your Score History
You have not taken this quiz